Statistiken für Automarken # 1

Klicken Sie hier um das Quiz zu spielen!

Allgemein

  • Dieses Quiz wurde 2.078 mal gespielt
  • Das Durchschnittsergebnis liegt bei 10 aus 14

Antworten auf der Karte

Die Antworten werden auf der Karte rot bzw. grün angezeigt, abhängig davon wie oft sie richtig erraten wurden.
 

Antwortstatistiken

Antwort% Korrekt
Bugatti
84%
Jaguar
83%
Rolls-Royse
79%
Toyota
77%
Hyundai
74%
Suzuki
74%
Mazda
73%
Mitsubishi
72%
Honda
71%
Maserati
71%
Subaru
65%
Dodge
61%
Buick
59%
Cadillac
58%

Verteilung der Resultate

Perzentil nach korrekt beantworteten Fragen

Anzahl Personen mit jedem Resultat

Ihre Resultats-Entwicklung

Sie haben dieses Quiz noch nicht gespielt